[Event "BI-2010-F-00011"]
[Site "LSS email"]
[Date "2011.02.21"]
[Round "?"]
[White "De Jongh, Bert"]
[Black "Bergmann, Paulo Fernando Brit"]
[Result "0-1"]
[WhiteElo "1733"]
[BlackElo "1902"]
[PlyCount "28"]
[EventDate "2011.02.24"]
[EventType "tourn (corr)"]
[EventRounds "10"]
[EventCountry "GER"]
[SourceTitle "Corr 2015"]
[Source "ChessBase"]
[SourceDate "2015.07.17"]
[SourceVersion "1"]
[SourceVersionDate "2015.07.17"]
[SourceQuality "1"]

1. d4 d5 2. c4 dxc4 3. e3 e5 4. Bxc4 exd4 5. exd4 Nf6 6. Nf3 Bd6 7. 0-0 0-0 8. h3 h6 9. Nc3 Nc6 10. Qc2 Nb4 11. Qb1 Be6 12. Bxe6 fxe6 13. Re1 Qd7 14. Bd2 Rae8 0-1

[Event "BI-2010-F-00011"]
[Site "LSS email"]
[Date "2011.02.21"]
[Round "?"]
[White "Stadler, Pavel"]
[Black "De Jongh, Bert"]
[Result "1-0"]
[WhiteElo "1392"]
[BlackElo "1733"]
[PlyCount "22"]
[EventDate "2011.02.24"]
[EventType "tourn (corr)"]
[EventRounds "10"]
[EventCountry "GER"]
[SourceTitle "Corr 2015"]
[Source "ChessBase"]
[SourceDate "2015.07.17"]
[SourceVersion "1"]
[SourceVersionDate "2015.07.17"]
[SourceQuality "1"]

1. e4 e5 2. Nf3 Nc6 3. Bc4 Nf6 4. Ng5 d5 5. exd5 Na5 6. Bb5+ c6 7. dxc6 bxc6 8. Be2 h6 9. Nf3 Bc5 10. d3 Qc7 11. 0-0 0-0 1-0

[Event "CP-2010-P-00033"]
[Site "LSS email"]
[Date "2010.09.28"]
[Round "?"]
[White "De Jongh, Bert"]
[Black "Feng, Jason"]
[Result "1-0"]
[WhiteElo "1733"]
[BlackElo "822"]
[PlyCount "31"]
[EventDate "2010.10.01"]
[EventType "tourn (corr)"]
[EventRounds "6"]
[EventCountry "GER"]
[SourceTitle "Corr 2015"]
[Source "ChessBase"]
[SourceDate "2015.07.17"]
[SourceVersion "1"]
[SourceVersionDate "2015.07.17"]
[SourceQuality "1"]

1. d4 d5 2. c4 Nc6 3. Nc3 dxc4 4. Nf3 Bg4 5. d5 Bxf3 6. exf3 Ne5 7. Bf4 Nd3+ 8. Bxd3 cxd3 9. Nb5 e5 10. dxe6 Bb4+ 11. Kf1 Bd6 12. exf7+ Kxf7 13. Qb3+ Ke7 14. Re1+ Kf8 15. Nd4 Qf6 16. Ne6+ 1-0